| 000 | 00551nam a22001457a 4500 | ||
|---|---|---|---|
| 005 | 20250206165621.0 | ||
| 008 | 241024b |||||||| |||| 00| 0 eng d | ||
| 100 |
_aGregus, Martin Jr. _eauthor. _963434 |
||
| 245 |
_aProof : _bthe bears of summer / _cMartin Gregus, Jr. |
||
| 260 |
_aWashington ; _bNational Geographic Partners, LLC., _cSeptember 2022. |
||
| 300 |
_avolume 241, pages 8-18, _billustration. |
||
| 500 | _aNational Geographic, v. 242, n. 3, pages 8-18, September 2022. | ||
| 700 |
_aGregus, Martin Jr. _eauthor. _963434 |
||
| 942 |
_2ddc _cPER |
||
| 999 |
_c22894 _d22894 |
||